000 01119nam a2200241Ia 4500
999 _c55987
_d55987
001 23086
003 GE_BSU
005 20230707172413.0
008 181216s1984||||ge |||||||||||||| ||geo||
040 _cGE_BSU
041 _ageo
080 _a821.411.11-13 გ-49
245 _aგილგამეშიანი : ძველი შუამდინარული ეპოსი /
_cრედ. ბ. ბრეგაძე ; აქადურიდან და შუმერულიდან თარგმნა ზ. კიკნაძემ.
264 _aთბილისი :
_bგანათლება,
_c1984.
300 _a142 გვ. ;
_c21 სმ.
541 _h0,80 თ.
653 _aასურულ-ბაბილონური ეპოქის ძეგლი
653 _aგილგამეშიანი
653 _aძველი შუამდინარული ეპოსი
700 _aბრეგაძე, ბ.
_eრედაქტორი
_917380
700 _aკიკნაძე, ზ.
_eმთარგმნელი
_919206
942 _cBK
_2udc